00516nam a2200169 a 4500008004100000020001800041050001600059100002200075245007900097250001200176260005900188300002000247350001100267650002400278650002500302700001900327160601s2015 ||||||||||||||||| || u a9781118914502 aQC 23.2 Cha aSherwood, Bruce A10aMatters and interactions. (4th ed.)cChabey, Ruth W. and Sherwood Bruce A. a4th ed. aUnited States of AmericabJohn Wiley & Sons, Incc2015 axvi, 992p. ill. a288.57 aPHYSICS-- TEXTBOOKS aMECHANICS--TEXTBOOKS aChabay Ruth, W